Estudios etno-lingüísticos

Saved in:
Bibliographic Details
Main Author: Parker, Stephen (autor)
Format: Book
Language:Quechua
Spanish
Published: Pucallpa Instituto Lingüístico de Verano 1989
Subjects:
Tags: Add Tag
No Tags, Be the first to tag this record!

MARC

LEADER 00000nam a2200000 a 4500
001 UCN5918
003 CL-VaPUC
008 010913e19890000pe |||||||||||||||||que|d
041 0 7 |a que  |2 CL-VaPUC 
041 0 7 |a spa  |2 CL-VaPUC 
082 0 4 |a 498.323  |b PAR  |2 21 
100 |a Parker, Stephen  |e autor  |9 461614 
245 1 0 |a Estudios etno-lingüísticos 
300 |a 155 p 
942 |c BK 
945 |d 20010913 00:00:00  |a rbrito 
260 |a Pucallpa  |b Instituto Lingüístico de Verano  |c 1989 
650 7 |a LENGUA QUECHUA  |2 CL-VaPUC  |9 461489 
650 0 |a Etnolingüística  |9 341076 
650 0 |a Bilingüismo  |9 307482 
650 0 |a Alfabetización   |9 310435 
650 7 |a ENSEÑANZA DE LA LENGUA  |2 CL-VaPUC  |9 390747 
651 0 |a Perú  |9 256567 
583 |a last modification  |c 20171218 12:08:01  |k Rodrigo Vera 
999 |c 297020  |d 297018 
952 |0 0  |1 0  |4 0  |6 498_323000000000000_PAR_1989  |7 0  |8 A  |9 351400  |a FDOPOS  |b FDOPOS  |d 2019-11-21  |i 3707946  |o 498.323 PAR 1989  |p 3707946  |r 2025-01-22  |w 2019-11-21  |y BK  |k MLA